00507 a2200121 4500001001000000005001700010008004100027245017900068100002600247700002500273773007000298999001700368ART_5814320260410161610.0260409a 10aRT 53. Otros encargos de aseguramiento en general, Examen de información contable prospectiva e Informes sobre los controles de una organización de servicios. Sexta parte1 aFaccendini, Yanina C.1 aOubiña, Gabriel H.0 tProfesional & Empresariag- Año XXV, Nº 281 (feb. 2023)wREV70 c10547d10547